Statistics for The 30 Greatest Spaniards

Click here to take the quiz!

General Stats

  • This quiz has been taken 44 times
  • The average score is 13 of 30

Answer Stats

# What they did / were Spaniard % Correct
3"Discovered" AmericaChristopher Columbus
92%
2He wrote Don QuixoteMiguel de Cervantes
92%
22"El Caudillo", fascist dictator 1939-1975Francisco Franco
85%
1First king after Francoist SpainJuan Carlos I
81%
27King during the Golden AgeFelipe II
81%
7Current king of SpainFelipe VI
81%
8He painted GuernicaPablo Picasso
81%
11With Ferdinand II did she unite SpainIsabella I
77%
16Surrealist, The Persistence of MemorySalvador Dalí
62%
4Queen and wife of No. 1Sofía of Spain
54%
28King and Holy Roman EmperorCarlos I
42%
15Current queen of SpainLetizia Ortiz
42%
17He designed the Sagrada FamiliaAntoni Gaudí
38%
18Fought against the Moors, today national heroEl Cid
35%
5First democratically elected Prime MinisterAdolfo Suárez
35%
20Formula One racing driverFernando Alonso
31%
21Painter, Third of May 1908Francisco de Goya
31%
13Playwright and nationalist executed in 1936,
The House of Bernarda Alba
Federico García Lorca
31%
24He won the Tour de France five timesMiguel Indurain
31%
19"Wise king" of Castile and LeónAlfonso X El Sabio
27%
10Longest-serving Prime MinisterFelipe González
23%
9Nun and saint during the Counter ReformationTeresa of Ávila
23%
6Pioneer of modern neuroscienceSantiago Ramón y Cajal
23%
12Physician and biochemist, 1959 Nobel PrizeSevero Ochoa
19%
14Prime Minister 2004-2011José Luis Rodríguez Zapatero
15%
29Singer and actress known as "La más grande"Rocío Jurado
15%
23Poet and member of the Generation of '98Antonio Machado
12%
26Flamenco dancer from JerezLola Flores
8%
25Theologian who was burnt at stake for heresyMiguel Servet
0%
30Physician and scientist for endocrinologyGregorio Marañón
0%

Score Distribution

Percentile by Number Answered

Percent of People with Each Score

Your Score History

You have not taken this quiz